LEADER 01840nam a2200289 4500 001 000000340350 003 CaOOAMICUS 005 20200526141323.0 008 200526s1730 it 000 u ita r 026 $aedli o.ia e.al cono (3) 1730 (Q) 040 $aSeMil$bita 110 21$aScuola dei ciechi, zoppi, storpi, poveri e infermi di San Cristoforo in San Salvatore in Xenodochio$d.$0(OLS)http://semarc/name/111413 245 00$aRegole da osservarsi dalli scolari, ciechi, zoppi, storpij, poveri, & infermi della Scuola di S. Cristofforo eretta nella chiesa parochiale di S. Salvatore in Xenodochio di Milano, approvate dall'Eminentissimo Sig., il Sig. Cardinale VBenedetto Odescalchi ... l'anno 1730. adì 30. Marzo. 264 1$aIn Milano :$bper il Beltramino, vicino à S. Antonio,$c[1730] 300 $a18, [2] p. ;$c4° 500 $aData di pubblicazione presunta nel titolo e in fine 500 $aIniz., finalino xilogr. 500 $aSegn.: A4 B6 (B6 bianca) 650 4$aCongregazioni e confraternite religiose - Milano - Sec. 16.-18.$0(OLS)http://semarc/subject/49109 700 1 $aBeltramino, Giovanni Battista,$c.$0(OLS)http://semarc/name/92929 752 $aIT$dMilano 850 $aSeMil 852 $aSeMil$W1$xVenegono$y1$m3Z V 8/3 FA$j219357$B231454$CSeMilBibl$Z2$F231454 $8I 941 1 $a10 996 $6245$aRegole da osservarsi dalli scolari, ciechi, zoppi, storpij, poveri, & infermi della Scuola di S. Cristofforo eretta nella chiesa parochiale di S. Salvatore in Xenodochio di Milano, approvate dall'Eminentissimo Sig., il Sig. Cardinale VBenedetto Odescalchi ... l'anno 1730. adì 30. Marzo$9(OLS)http://semarc/title/429379 996 $6264$aIn Milano :$bper il Beltramino, vicino à S. Antonio$9(OLS)http://semarc/publisher/58976 LEADER 01476nam a2200301 i 4500 001 000000173937 003 CaOOAMICUS 005 20080806000000.0 008 080806s2008 it u000 u ita u 013 $a151391 020 $a978-88-215-5888-7 040 $aSeMil$bita 100 1 $aBianchi, Enzo,$d<1943- >.$0(OLS)http://semarc/name/367 245 12$aL'amore vince la morte :$bcommento esegetico-spirituale alle lettere di Giovanni /$cEnzo Bianchi. 260 $aCinisello Balsamo :$bSan Paolo,$c[2008] 300 $a204 p. ;$c22 cm. 490 0 $aDimensioni dello spirito : collana di classici del pensiero cristiano moderno ;$v125. 500 $aDono del Card. Dionigi Tettamanzi. 650 4$aBibbia. Nuovo testamento. Lettere di Giovanni - Commentari, studi, critica, interpretazioni.$0(OLS)http://semarc/subject/4734 650 4$aBibbia - NT - Lettere di Giovanni - Temi [:] Amore.$0(OLS)http://semarc/subject/29108 830 0$aDimensioni dello spirito ;$v125.$0(OLS)http://semarc/title/428593 850 $aSeMil 852 $aSeMil$W1$xVenegono$y1$m3F VI 15$j124782$B124782$CSeMilBibl$Z2$F136240 $81 941 1 $a5 961 $aOmaggio: Tettamanzi Card. Dionigi 996 $6020$a978-88-215-5888-7$9(OLS)http://semarc/number/161717 996 $6245$aL'amore vince la morte :$bcommento esegetico-spirituale alle lettere di Giovanni$9(OLS)http://semarc/title/249256 996 $6260$aCinisello Balsamo :$bSan Paolo$9(OLS)http://semarc/publisher/30129